01309nam a2200289 a 4500008004100000020001500041041000800056100002200064245011500086250001100201260004300212300001900255500021500274653006200489653003500551653003100586653002900617653002700646653003700673653005700710653005200767653005500819653004600874653002900920700003600949700003400985110906s2000 bl d f |||| 001 0 por d a8570611366 apor1 aLefevre, Fernando 2aO discurso do sujeito coletivo.bUma nova abordagem metodológica em pesquisa qualitativa /cFernando Lefevre a1a ed. aCaixas do Sul [Brazil]:bEDUCS;c2000. a138 p.c22 cm. aLefevre, F., Cavalcanti Lefevre, A. M. y Juarez Vieira Teixeira, J. (2000). O discurso do sujeito coletivo. Uma nova abordagem metodológica em pesquisa qualitativa. (1a ed.). Caixas do Sul [Brazil] : EDUCS.  aOs novos instrumentos no contexto da pesquisa qualitativa aAplicando os novos intrumentos aAo pas: por que nao aderi? aHistorias amargas de ler aDescobrindo a gravidez aHomeopatoa: um espaço possivel aEntre fogos cruzados: a criança de classe especial aA prescricao medicamentosa sob a otica do idoso aPrevençao do cáncer: por que sim, por que nao? aA bolsa ou a morte: enfrentando a ostomia aO discurso (de)ambulante1 aCavalcanti Lefevre, Ana María1 aJuarez Vieira Teixeira, Jorge